000 00594nam a2200205 a 4500
001 23295
003 BD-RjUL
005 20211209000920.0
008 140310s1962 uk 000 0 ita d
035 _a(BD-RjUL)23360
040 _aPCJ
_dm.c.
_dm/c
_beng
_cBD-RjUL
041 1 _aitaeng
082 _a844.8
_bSTI 1962
100 0 _aSTRINDBERG ,AUGUST.
_d1265-1321.
_qAUGUST STRINDBERG.
_971792
245 1 0 _aInferno /
_cTranslated by Mary Sandbach.
260 _aLondon :
_bHutchinson,
_c1962.
300 _a179 p.
_c22 cm.
500 _aItalian and English text on facing pages.
942 _2ddc
_cBK
999 _c23295
_d23295